000 01282cam a22003617a 4500
003 CHAP
005 20220329142900.0
008 041206d2004 mx a r 00110 spa d
010 _a89156
011 _a90128
035 _a100684
040 _cCHAP
090 _aTesis
100 0 0 _aPatricio Romero, Jesús.
_986207
245 1 0 _aPlagas de importancia cuarentenaria en material propagativo de olivo (Olea europaea L.) para México
_c/por Jesús Patricio Romero
260 _aChapingo, Méx. :
_bEl autor,
_c2004.
300 _a91 h. :
_bilus.
502 _aTesis (Ing. Agr. Esp. en Parasitología Agrícola) - - UACH. Departamento de Parasitología Agrícola
590 _aALEPH
_b10
_c20130110
_lUCH01
_h1501
590 _aBATCH-UPD
_b10
_c20130110
_lUCH01
_h0459
590 _aBATCH-UPD
_b10
_c20130410
_lUCH01
_h0137
590 _aBATCH-UPD
_b10
_c20130914
_lUCH01
_h1042
590 _aCONVERSION
_b10
_c20130109
_lUCH01
_h1349
650 1 4 _aControl de plagas.
_927595
650 1 4 _aOlivo
_xPlagas.
_983138
650 1 4 _aOlivo
_zMéxico.
_983146
650 1 4 _aPlagas
_xCuarentena.
_988635
901 _aBK
905 _aLilia
942 _cFOLL
949 _aTesis
_bBC
_cTES
_d100684
_eTS1
_h43029
_i100684
_sb
949 _aTesis
_bBC
_cTES
_d33724000931192
_eTS2
_fc.2
_h43030
_i100684
_si
999 _c89156
_d89156